000 00447nam a2200181Ia 4500
005 20250603145951.0
008 250603s9999 xx 000 0 und d
020 _a0-582-42687-1
050 _aPZ 7 .D69 A38/
100 _aDoyle, Arthur Conan, Sir, 1859-1930
245 0 _aThree adventures of Sherlock Holmes
260 _aHarlow, Essex
260 _bPearson
260 _c2000
300 _a65 p
650 _aHarlow, Essex
942 _cBK
999 _c43382
_d43382